5HLuxD.jpg

KING HENRY VIII SENIOR AND PRIMARY SCHOOL LIBRARY OPAC

Margret and H.A. Rey's Curious George goes to the zoo / (Record no. 3248)

000 -LEADER
fixed length control field 01034nam a22002417a 4500
005 - DATE AND TIME OF LATEST TRANSACTION
control field 20231109104939.0
008 - FIXED-LENGTH DATA ELEMENTS--GENERAL INFORMATION
fixed length control field 231109b ||||| |||| 00| 0 eng d
020 ## - INTERNATIONAL STANDARD BOOK NUMBER
International Standard Book Number 9781406388879
040 ## - CATALOGING SOURCE
Transcribing agency KH8
082 ## - DEWEY DECIMAL CLASSIFICATION NUMBER
Classification number 813.52 PLA
100 ## - MAIN ENTRY--PERSONAL NAME
Personal name Platt, Cynthia
Relator term Author
245 ## - TITLE STATEMENT
Title Margret and H.A. Rey's Curious George goes to the zoo /
Statement of responsibility, etc. Cynthia Platt
260 ## - PUBLICATION, DISTRIBUTION, ETC.
Place of publication, distribution, etc. Boston,
Name of publisher, distributor, etc. Houghton Mifflin Harcourt,
Date of publication, distribution, etc. ©2011
300 ## - PHYSICAL DESCRIPTION
Extent 24 unnumbered pages :
Other physical details color illustrations ;
Dimensions 21 cm
500 ## - GENERAL NOTE
General note <br/>Picture books for children
520 ## - SUMMARY, ETC.
Summary, etc. Visiting a safari-style zoo where resident animals roam freely, George is unable to resist joining them and befriends a sad baby rhino who hides until George plans a special birthday party for her.
650 ## - SUBJECT ADDED ENTRY--TOPICAL TERM
Topical term or geographic name entry element Curious George (Fictitious character)
650 ## - SUBJECT ADDED ENTRY--TOPICAL TERM
Topical term or geographic name entry element Curious George (Fictitious character)
Form subdivision Fiction
650 ## - SUBJECT ADDED ENTRY--TOPICAL TERM
Topical term or geographic name entry element Curious George (Fictitious character)
Form subdivision Juvenile fiction
700 ## - ADDED ENTRY--PERSONAL NAME
Personal name Rey, Margret
Relator term Author
700 ## - ADDED ENTRY--PERSONAL NAME
Personal name Rey, H. A.
Dates associated with a name 1898-1977,
Relator term Illustrator
942 ## - ADDED ENTRY ELEMENTS (KOHA)
Source of classification or shelving scheme
Koha item type Books - Fiction
Holdings
Withdrawn status Lost status Source of classification or shelving scheme Damaged status Not for loan Collection code Permanent Location Current Location Shelving location Date acquired Total Checkouts Full call number Barcode Date last seen Date last checked out Price effective from Koha item type
          Fiction KH8 Primary School Library KH8 Primary School Library Non Fiction 2023-11-09 9 813.52 PLA KHPL000004342 2025-12-05 2025-09-23 2023-11-09 Books - Fiction

Powered By KH8 IT Dept